YAGP Accepted Variations - Statistics

General Stats
  • This quiz has been taken 24 times
    11 since last reset
  • The average score is 14 of 36
Answer Stats
Level Answer % Correct
Fairy Doll
100%
Cavalry Halt
67%
Pre Competitive-Senior Coppelia
67%
Don Quixote (All variations)
67%
Graduation Ball
67%
Harlequinade
67%
Le Corsaire (Odalisque Variations)
67%
Pharaoh's Daughter
67%
Swan Lake (Odette, Black Swan)
67%
Swan Lake (Pas de Trois Variations)
67%
William Tell
67%
Junior-Senior Diana & Acteon
33%
Don Quixote (Cupid Variation)
33%
Flames of Paris
33%
Flower Festival at Genzano
33%
Giselle
33%
Senior ONLY Grand Pas Classique
33%
La Bayadere (Nikiya, Gamzatti, Act III)
33%
La Bayadere (Three Shade Variations)
33%
La Esmeralda
33%
La Ventana
33%
Les Sylphides/Chopinana
33%
Napoli
33%
Paquita
33%
Sleeping Beauty (Aurora Variations, Wedding PDD Variations)
33%
Sleeping Beauty (Fairies; Blue Bird)
33%
Talisman
33%
The Nutcracker Suite
33%
Walpurgis Nacht
33%
La fil Mal Gardee
0%
La Sylphide
0%
Laurencia
0%
Le Corsaire (Pas d'Esclave)
0%
Raymonda
0%
Satanella
0%
The Awakening of Flora
0%
No matching quizzes found
Score Distribution
Percent of People with Each Score
Percentile by Number Answered
Your Score History
You have not taken this quiz since the last reset